Libro de Actas del III Congreso Internacional de Etica de la Comunicacin̤. Desafo̕s ťicos de la comunicacin̤ en la Era digital

Bibliographic Details
Main Author: Sur̀ez Villegas, Juan Carlos
Format: Book
Language:Spanish
Published: Madrid Dykinson 2016
Subjects:
Online Access:Acceso restingido

MARC

LEADER 00000nam a22000007a 4500
005 20160622113637.0
007 cr|||| ||u|
008 160622s2016 sp ||||| |||| 00||0 spa d
020 |a 978-84-9085-698-7 
035 |a 14320 
040 |a vLex 
090 |c 6204  |d 6204 
100 0 |a Sur̀ez Villegas, Juan Carlos 
245 1 0 |a Libro de Actas del III Congreso Internacional de Etica de la Comunicacin̤. Desafo̕s ťicos de la comunicacin̤ en la Era digital  |h [Recurso electronico] /   |c Juan Carlos Sur̀ez Villegas  
256 |a Servicio en linea  
260 |a Madrid  |b Dykinson  |c 2016 
300 |a 1 recurso electronico 
506 1 |a Contenido solo disponible en los productos indicados  |d vLex Global   |d vLex Global (Academic Edition, excluding Law Schools)  |d vLex Global (U.S. Academic Edition, Law Schools)  |d vLex Global (U.S. Academic Edition, excluding Law Schools)  |d vLex Global (Academic Edition, Law Schools) 
650 0 4 |a Derecho  |z Madrid 
740 0 |a vLex libros (servcio en linea) 
856 4 0 |u http://vlex.com/source/libro-actas-iii-congreso-internacional-etica-comunicacion-14320  |z Acceso restingido 
942 |c BOOK 
999 0 |a Law  |b Spain